Statistics for Switzerland Euro 2021 Squad

Click here to take the quiz!

General Stats

  • This quiz has been taken 28 times
  • The average score is 17 of 26

Answer Stats

PositionClubPlayer% Correct
MFArsenalGranit Xhaka
95%
MFLiverpoolXherdan Shaqiri
95%
GKBorussia MonchengladbachYann Sommer
95%
FWBorussia MonchengladbachBreel Embolo
89%
DFBorussia DortmundManuel Akanji
89%
MFBorussia MonchengladbachDenis Zakaria
84%
FWSL BenficaHaris Seferovic
84%
DFBorussia MonchengladbachNico Elvedi
84%
MFAtalantaRemo Freuler
84%
DFTorinoRicardo Rodriguez
84%
DFNewcastle UnitedFabian Schar
74%
GKPSV EindhovenYvon Mvogo
74%
FWVFL WolfsburgAdmir Mehmedi
63%
DFVFL WolfsburgKevin Mbabu
63%
MFFSV Mainz 05Edimilson Fernandes
58%
MFEintracht FrankfurtSteven Zuber
58%
MFEintracht FrankfurtDjibril Sow
53%
GKMontpellierJonas Omlin
53%
FWDinamo ZagrebMario Gavranovic
53%
MFFC AugsburgRuben Vargas
53%
DFFC BaselSilvan Widmer
42%
MFBSC Young BoysChristian Fassnacht
37%
DFFC ZurichBecir Omeragic
32%
DFG. De BordeauxLoris Benito
32%
DFFC BaselEray Comert
26%
DFOGC NiceJordan Lotomba
16%

Score Distribution

Percentile by Number Answered

Percent of People with Each Score

Your Score History

You have not taken this quiz